000 00727cab a2200205 4500
001 WB2912-50
008 090401t1993 xxu||||| |||| 00| 0 eng d
035 _a(Sirsi) u19151
041 _aeng
245 _aDomesday pilot goes ahead
260 _c1993
350 _a0
490 _aPlanning (for the Natural and Built Environment)
_v(1010) 19 March 1993, 4(1)
520 _aCapital & Counties is to launch pilot areas under the Domesday 2000 project - City of London for commercial property, part of Southampton for a residential area and Keswick for a rural area.
650 _aDOMESDAY 2000
650 _aNATIONAL LAND INFORMATION SERVICE
690 _aMAPPING AND MEASUREMENT
942 _n0
948 _c04/03/1997
999 _c12757
_d12757